000 00736nam a2200229 a 4500
001 64871
003 BD-RjUL
005 20211209081349.0
008 170223s1975 bg |||| |||| 00| 0 b d
020 _c: Tk. 6.00
035 _a(BD-RjUL)65001
040 _aBD-RjUL
_bben
_cBD-RjUL
_dBD-RjUL
041 _aben
082 _223
_a891.441
_bALB 1975
100 1 _aআলী, ওমর
_9192310
245 1 _aবিয়েতে অনিচ্ছু ক একজন /
_cওমর আলী
260 _aঢাকা :
_bবুক সোসাইটি ;
_c১৯৭৫
300 _a৭০ পৃ. ;
_c১৮ সেমি.
650 _aবাংলাকবিতা
_9171326
650 _aBengali Poetry
_9179514
942 _2ddc
_cBK
999 _c64871
_d64871